LIBRARY & INFORMATION CENTRE, KCAET, TAVANUR

ONLINE PUBLIC ACCESS CATALOGUE (OPAC)

Design and analysis of experiments / (Record no. 13186)

MARC details
000 -LEADER
fixed length control field 00399cam a2200157ua 4500
041 ## - LANGUAGE CODE
Language code of text/sound track or separate title eng
082 ## - DEWEY DECIMAL CLASSIFICATION NUMBER
Classification number 001.4
Item number DEA/DE
100 ## - MAIN ENTRY--AUTHOR NAME
Personal name Dean, Angela .
245 ## - TITLE STATEMENT
Title Design and analysis of experiments /
260 ## - PUBLICATION, DISTRIBUTION, ETC. (IMPRINT)
Place of publication New York :
Name of publisher Springer Verlag ,
Year of publication 2006.
300 ## - PHYSICAL DESCRIPTION
Number of Pages 740 ; .
700 1# - ADDED ENTRY--PERSONAL NAME
Personal name Voss, Daniel .
942 ## - ADDED ENTRY ELEMENTS (KOHA)
Koha item type Books
Holdings
Withdrawn status Lost status Damaged status Home library Current library Date acquired Full call number Accession Number Koha item type
      KAUAET KAUAET 07/04/2012 001.4 21426 Books
free website counter